Business simulation games

保存先:
書誌詳細
第一著者: Fulmer, John L.
フォーマット: 図書
言語:Undetermined
出版事項: Chicago, Illinois South-Western 1963
主題:
タグ: タグ追加
タグなし, このレコードへの初めてのタグを付けませんか!
Thư viện lưu trữ: Trung tâm Học liệu Trường Đại học Cần Thơ
LEADER 00510nam a2200181Ia 4500
001 CTU_43150
008 210402s9999 xx 000 0 und d
082 |a 658.403 
082 |b F977 
100 |a Fulmer, John L. 
245 0 |a Business simulation games 
245 0 |c John L. Fulmer 
260 |a Chicago, Illinois 
260 |b South-Western 
260 |c 1963 
650 |a Business,Decision-making,Managerial economics 
904 |i Minh, 010829 
980 |a Trung tâm Học liệu Trường Đại học Cần Thơ